| 000 | 00698 a2200193 4500 | ||
|---|---|---|---|
| 020 | _a0198502516 | ||
| 020 | _a9780198502517 | ||
| 082 | 0 | 4 | _a511.5 |
| 090 |
_c1364 _d1364 |
||
| 100 | 1 | _aTutte, W. T. | |
| 245 | 1 | 0 |
_aGraph theory as I have known it / _cW. T. Tutte. |
| 260 |
_a[S.l.] : _bOxford University Press, USA, _c1998. |
||
| 300 |
_a168 p. ; _c25 cm. |
||
| 490 | 1 | _aOxford lecture series in mathematics and its applications. | |
| 700 | _aTutte, W. T. | ||
| 830 | 0 | _aOxford lecture series in mathematics and its applications. | |
| 942 |
_aSNS _cBK _k511.5 TUT |
||
| 999 |
_c29976 _d29976 |
||